[Event "Stuttgart-chA int"]
[White "Hoffmann, Jonas"]
[Black "Turski, Tomasz"]
[Site "Ditzingen"]
[Round "7"]
[Result "0-1"]
[Date "2010.05.16"]
[WhiteElo "1910"]
[BlackElo "2056"]
[PlyCount "50"]
[EventDate "2010.05.13"]
[EventType "swiss"]
[EventRounds "7"]
[EventCountry "GER"]
[SourceTitle "EXT 2018"]
[Source "ChessBase"]
[SourceDate "2017.10.13"]
[SourceVersion "1"]
[SourceVersionDate "2017.10.13"]
[SourceQuality "1"]

1. e4 d6 2. d4 Nf6 3. Nc3 c6 4. Be3 g6 5. Qd2 Bg7 6. 0-0-0 0-0 7. Bh6 b5 8. Bxg7 Kxg7 9. f3 a5 10. h4 Qc7 11. h5 e5 12. hxg6 fxg6 13. Qh6+ Kg8 14. d5 b4 15. dxc6 bxc3 16. Bc4+ Rf7 17. Bxf7+ Qxf7 18. Rxd6 cxb2+ 19. Kb1 Nxc6 20. Rxc6 Rb8 21. c4 Qd7 22. Rxc8+ Rxc8 23. Qe3 Qd1+ 24. Kxb2 Rxc4 25. Qb3 Qc1# 0-1

[Event "Stuttgart-chA int"]
[White "Fruehsorger, Dieter"]
[Black "Turski, Tomasz"]
[Site "Ditzingen"]
[Round "5"]
[Result "0-1"]
[Date "2009.05.23"]
[WhiteElo "1968"]
[BlackElo "2077"]
[PlyCount "46"]
[EventDate "2009.05.21"]
[EventType "swiss"]
[EventRounds "7"]
[EventCountry "GER"]
[SourceTitle "EXT 2018"]
[Source "ChessBase"]
[SourceDate "2017.10.13"]
[SourceVersion "1"]
[SourceVersionDate "2017.10.13"]
[SourceQuality "1"]

1. e4 d6 2. d4 Nf6 3. Nc3 c6 4. f4 g6 5. Bd3 Bg7 6. Nf3 0-0 7. 0-0 Nbd7 8. Be3 e5 9. f5 Ng4 10. Qd2 Nxe3 11. Qxe3 exd4 12. Nxd4 Qb6 13. Nce2 Ne5 14. f6 Ng4 15. fxg7 Nxe3 16. gxf8Q+ Kxf8 17. Rf3 Bg4 18. Rxe3 Bxe2 19. Rxe2 Qxd4+ 20. Kh1 Re8 21. Rf1 Qxb2 22. Ref2 Re7 23. Bc4 Qg7 0-1

[Event "Stuttgart-chA int"]
[White "Turski, Tomasz"]
[Black "Jehle, Anja"]
[Site "Ditzingen"]
[Round "4"]
[Result "1/2-1/2"]
[Date "2009.05.22"]
[WhiteElo "2077"]
[BlackElo "1950"]
[PlyCount "94"]
[EventDate "2009.05.21"]
[EventType "swiss"]
[EventRounds "7"]
[EventCountry "GER"]
[SourceTitle "EXT 2018"]
[Source "ChessBase"]
[SourceDate "2017.10.13"]
[SourceVersion "1"]
[SourceVersionDate "2017.10.13"]
[SourceQuality "1"]

1. d4 Nf6 2. c4 g6 3. Nc3 Bg7 4. e4 d6 5. Bd3 0-0 6. Nge2 e5 7. f3 Nc6 8. Be3 Rb8 9. Qd2 a6 10. d5 Ne7 11. Bh6 Ne8 12. Bxg7 Nxg7 13. g4 Bd7 14. Ng3 b5 15. h4 f6 16. 0-0-0 Qc8 17. Qh6 Kh8 18. Rdg1 Qb7 19. Rh2 Qb6 20. Rhg2 g5 21. hxg5 Qe3+ 22. Kc2 Qxg5 23. Qh2 Kg8 24. Nf5 Kf7 25. Qxh7 Rh8 26. Qxg7+ Qxg7 27. Nxg7 Kxg7 28. cxb5 axb5 29. b4 Rh3 30. Rg3 Rxg3 31. Rxg3 Ng6 32. g5 fxg5 33. Rxg5 Kf6 34. Rg1 Nf4 35. Ne2 Nxe2 36. Bxe2 Rh8 37. Kc3 Rh2 38. Kd3 Rh8 39. Rc1 Rc8 40. Ke3 c6 41. dxc6 Rxc6 42. Rxc6 Bxc6 43. f4 exf4+ 44. Kxf4 Bd7 45. Bd1 Bc6 46. Bb3 Bd7 47. Bd5 Be8 1/2-1/2

[Event "Stuttgart-chA int"]
[White "Rempeli, Alexander"]
[Black "Turski, Tomasz"]
[Site "Ditzingen"]
[Round "3"]
[Result "1-0"]
[Date "2009.05.21"]
[WhiteElo "1764"]
[BlackElo "2077"]
[PlyCount "53"]
[EventDate "2009.05.21"]
[EventType "swiss"]
[EventRounds "7"]
[EventCountry "GER"]
[SourceTitle "EXT 2018"]
[Source "ChessBase"]
[SourceDate "2017.10.13"]
[SourceVersion "1"]
[SourceVersionDate "2017.10.13"]
[SourceQuality "1"]

1. d4 Nf6 2. c4 g6 3. Nc3 Bg7 4. e4 d6 5. Nf3 0-0 6. Be2 c6 7. 0-0 Qc7 8. h3 Nbd7 9. Be3 e5 10. b4 Re8 11. Bd3 d5 12. cxd5 cxd5 13. Rc1 exd4 14. Nxd5 Qd8 15. Bg5 Rf8 16. Nc7 Rb8 17. e5 Nxe5 18. Nxe5 Qd6 19. Re1 a6 20. Qb3 Nh5 21. Nxf7 Rxf7 22. Re8+ Bf8 23. Be7 Qf4 24. Rxf8+ Kg7 25. Rxf7+ Qxf7 26. Bd6 Qf6 27. Ne8+ 1-0

[Event "Stuttgart-chA int"]
[White "Turski, Tomasz"]
[Black "Wagner, Florian"]
[Site "Ditzingen"]
[Round "2"]
[Result "0-1"]
[Date "2009.05.21"]
[WhiteElo "2077"]
[BlackElo "2302"]
[PlyCount "52"]
[EventDate "2009.05.21"]
[EventType "swiss"]
[EventRounds "7"]
[EventCountry "GER"]
[SourceTitle "EXT 2018"]
[Source "ChessBase"]
[SourceDate "2017.10.13"]
[SourceVersion "1"]
[SourceVersionDate "2017.10.13"]
[SourceQuality "1"]

1. d4 Nf6 2. c4 c5 3. Nf3 cxd4 4. Nxd4 e5 5. Nb5 d5 6. cxd5 Bc5 7. e3 0-0 8. Be2 a6 9. N5c3 e4 10. Nd2 Qe7 11. Qc2 Bf5 12. Nb3 Bd6 13. Bd2 Nbd7 14. Nd4 Bg6 15. h4 h5 16. Rc1 Ne5 17. a3 Rfe8 18. b4 Rad8 19. Qb3 Nfg4 20. f3 exf3 21. gxf3 Nxe3 22. Ne4 Nxf3+ 23. Bxf3 Bxe4 24. Bxe3 Bxf3 25. Nxf3 Bf4 26. Rc2 Qe4 0-1

[Event "Stuttgart-chA int"]
[White "Bueter, Norbert"]
[Black "Turski, Tomasz"]
[Site "Ditzingen"]
[Round "3"]
[Result "1/2-1/2"]
[Date "2008.05.01"]
[WhiteElo "1874"]
[BlackElo "2097"]
[PlyCount "125"]
[EventDate "2008.05.01"]
[EventType "swiss"]
[EventRounds "7"]
[EventCountry "GER"]
[SourceTitle "EXT 2018"]
[Source "ChessBase"]
[SourceDate "2017.10.13"]
[SourceVersion "1"]
[SourceVersionDate "2017.10.13"]
[SourceQuality "1"]

1. d4 Nf6 2. c4 g6 3. Nc3 Bg7 4. e4 d6 5. f3 0-0 6. Bd3 Nbd7 7. Be3 a5 8. Nge2 c5 9. Qd2 e6 10. 0-0 Qe7 11. Rae1 b6 12. Bc2 Bb7 13. h3 Ne8 14. d5 Nc7 15. b3 Rae8 16. Ng3 exd5 17. exd5 Qe5 18. Nce4 f5 19. f4 Qe7 20. Ng5 Qf6 21. Nf3 Re7 22. Bf2 Rfe8 23. Rxe7 Rxe7 24. Re1 h6 25. Rxe7 Qxe7 26. Qd3 Na6 27. Qe2 Qxe2 28. Nxe2 Kf7 29. g4 fxg4 30. hxg4 Nf8 31. Kg2 Bc8 32. Kg3 Nb8 33. Be1 Nbd7 34. Nc3 Bxc3 35. Bxc3 Nf6 36. f5 gxf5 37. gxf5 N8h7 38. Nh4 Ng5 39. Kf4 Nh5+ 40. Ke3 Nf6 41. Ng6 Ng4+ 42. Ke2 Nf6 43. Ke3 Ng4+ 44. Kf4 Nf6 45. Nh4 Nh5+ 46. Ke3 Nf6 47. a3 Bd7 48. Nf3 Nxf3 49. Kxf3 Ke7 50. Bd2 Ng8 51. Bd3 Be8 52. b4 axb4 53. axb4 Bh5+ 54. Kg3 Be8 55. bxc5 bxc5 56. Bf4 Bd7 57. Kf2 Be8 58. Kg3 Bd7 59. Kh4 Be8 60. Kg4 Nf6+ 61. Kf3 Bh5+ 62. Kg3 Ng8 63. Bd2 1/2-1/2

[Event "Stuttgart-chA int"]
[White "Turski, Tomasz"]
[Black "Hirneise, Tobias"]
[Site "Ditzingen"]
[Round "2"]
[Result "0-1"]
[Date "2008.05.01"]
[WhiteElo "2097"]
[BlackElo "2382"]
[PlyCount "106"]
[EventDate "2008.05.01"]
[EventType "swiss"]
[EventRounds "7"]
[EventCountry "GER"]
[SourceTitle "CBM 124 Extra"]
[Source "ChessBase"]
[SourceDate "2008.07.03"]
[SourceVersion "1"]
[SourceVersionDate "2008.07.03"]
[SourceQuality "1"]

1. d4 Nf6 2. c4 e6 3. Nf3 b6 4. e3 Bb7 5. Bd3 d5 6. 0-0 Bd6 7. Nc3 0-0 8. cxd5 exd5 9. Re1 Re8 10. b3 c5 11. Bb2 Nbd7 12. Rc1 Rc8 13. Na4 Bc6 14. dxc5 bxc5 15. Nc3 Qb6 16. Rc2 Qb7 17. Be2 Rcd8 18. h3 Bc7 19. Rd2 Ba5 20. Rf1 Nf8 21. Rc2 d4 22. exd4 cxd4 23. Nxd4 Ne6 24. Rd2 Nxd4 25. Rxd4 Rxd4 26. Qxd4 Bxc3 27. Bxc3 Rxe2 28. Qd3 Qb5 29. Qg3 Qf5 30. Rc1 Re8 31. Bd4 Ba8 32. Rc5 Qe6 33. Rg5 g6 34. Qh4 Qd6 35. Rg3 Re4 36. Qxf6 Rxd4 37. Qxd6 Rxd6 38. Rc3 Bc6 39. b4 a6 40. a3 Kf8 41. Re3 Re6 42. Rc3 Ke7 43. Kh2 Kd7 44. Rc5 Re2 45. Kg3 Ra2 46. Ra5 Bb5 47. Kf3 f6 48. g3 Ke6 49. Ke3 Kd5 50. f4 f5 51. g4 Kc4 52. gxf5 gxf5 53. h4 h5 0-1

[Event "Stuttgart-chA int"]
[White "Turski, Tomasz"]
[Black "Szenetra, Werner"]
[Site "Gerlingen"]
[Round "6"]
[Result "1/2-1/2"]
[Date "2007.05.19"]
[WhiteElo "2079"]
[BlackElo "2158"]
[PlyCount "131"]
[EventDate "2007.05.17"]
[EventType "swiss"]
[EventRounds "7"]
[EventCountry "GER"]
[SourceTitle "EXT 2018"]
[Source "ChessBase"]
[SourceDate "2017.10.13"]
[SourceVersion "1"]
[SourceVersionDate "2017.10.13"]
[SourceQuality "1"]

1. d4 d6 2. c4 g6 3. Nc3 Bg7 4. e4 Nc6 5. Be3 e5 6. d5 Nce7 7. Bd3 f5 8. f4 fxe4 9. Bxe4 Nf5 10. Bxf5 Bxf5 11. Nf3 exf4 12. Bxf4 Nf6 13. 0-0 0-0 14. Nd4 Qd7 15. Nxf5 gxf5 16. Qf3 Ng4 17. b3 Rae8 18. h3 Bd4+ 19. Kh1 Qg7 20. Rac1 Ne5 21. Qg3 Qxg3 22. Bxg3 f4 23. Bh4 f3 24. Nb5 Bb6 25. gxf3 Nxf3 26. Bg3 a6 27. Nc3 Be3 28. Rcd1 Bd2 29. Kg2 Bxc3 30. Rxf3 Re2+ 31. Bf2 Rxa2 32. Rxf8+ Kxf8 33. Kf3 Bb4 34. Rd3 Kf7 35. Bd4 c5 36. dxc6 bxc6 37. Bf2 a5 38. Bh4 a4 39. bxa4 Rxa4 40. Re3 Bc5 41. Re7+ Kg6 42. Re4 Ra3+ 43. Kg2 Rc3 44. Bg3 Kf5 45. Rf4+ Kg5 46. Rg4+ Kf5 47. Rf4+ Ke6 48. Re4+ Kd7 49. Rh4 Ke6 50. Re4+ Kd7 51. Rh4 h5 52. Rxh5 Rxc4 53. Rh7+ Ke6 54. Rh6+ Ke7 55. Rh7+ Kf6 56. Rh6+ Kg5 57. Re6 Rd4 58. Re8 Bb4 59. h4+ Kg6 60. Kf3 d5 61. Re6+ Kf5 62. Rxc6 Rd3+ 63. Kg2 d4 64. h5 Rc3 65. Rxc3 dxc3 66. Kf3 1/2-1/2

[Event "Stuttgart-chA int"]
[White "Aksenov, Pavel"]
[Black "Turski, Tomasz"]
[Site "Ditzingen"]
[Round "6"]
[Result "1-0"]
[Date "2005.05.07"]
[WhiteElo "1902"]
[BlackElo "2091"]
[PlyCount "45"]
[EventDate "2005.05.05"]
[EventType "swiss"]
[EventRounds "7"]
[EventCountry "GER"]
[SourceTitle "EXT 2018"]
[Source "ChessBase"]
[SourceDate "2017.10.13"]
[SourceVersion "1"]
[SourceVersionDate "2017.10.13"]
[SourceQuality "1"]

1. d4 Nf6 2. c4 g6 3. Nc3 Bg7 4. e4 d6 5. f4 0-0 6. Nf3 c6 7. Bd3 Nbd7 8. 0-0 e5 9. fxe5 dxe5 10. d5 cxd5 11. cxd5 Ng4 12. Qe2 f5 13. h3 Nh6 14. Bxh6 Bxh6 15. exf5 gxf5 16. Nxe5 Re8 17. Rxf5 Bg7 18. Qh5 Rxe5 19. Rxe5 Bxe5 20. Qxh7+ Kf8 21. Rf1+ Nf6 22. Bg6 Qc7 23. Rxf6+ 1-0

[Event "Stuttgart-chA int"]
[White "Speicher, Franz"]
[Black "Turski, Tomasz"]
[Site "Ditzingen"]
[Round "4"]
[Result "1-0"]
[Date "2005.05.06"]
[WhiteElo "1948"]
[BlackElo "2091"]
[PlyCount "99"]
[EventDate "2005.05.05"]
[EventType "swiss"]
[EventRounds "7"]
[EventCountry "GER"]
[SourceTitle "EXT 2018"]
[Source "ChessBase"]
[SourceDate "2017.10.13"]
[SourceVersion "1"]
[SourceVersionDate "2017.10.13"]
[SourceQuality "1"]

1. e4 d6 2. d4 Nf6 3. f3 g6 4. c4 Bg7 5. Nc3 0-0 6. Nge2 Nbd7 7. Be3 c5 8. d5 a6 9. a4 Re8 10. Ng3 Ne5 11. Be2 h5 12. 0-0 Nh7 13. Qd2 Qc7 14. a5 Nf8 15. Na4 Rb8 16. Nb6 Ned7 17. Nxc8 Rexc8 18. Ra2 b6 19. axb6 Rxb6 20. Bd1 Qb7 21. b3 Ne5 22. h3 Ra8 23. f4 Ned7 24. Qf2 Qc8 25. e5 dxe5 26. fxe5 Nxe5 27. Bxc5 Rf6 28. Qe3 Rxf1+ 29. Kxf1 e6 30. Bd4 Nxc4 31. Qf2 Nd6 32. Bxg7 Kxg7 33. Rc2 Qd8 34. Bxh5 exd5 35. Qd4+ Qf6+ 36. Qxf6+ Kxf6 37. Bf3 Ke5 38. Rd2 Ne4 39. Rxd5+ Kf4 40. Nxe4 Ke3 41. Nc5 Ra7 42. Rd3+ Kf4 43. Kf2 Ke5 44. Rd5+ Kf6 45. Rd6+ Ke7 46. Rxa6 Rxa6 47. Nxa6 Kd6 48. b4 Nd7 49. b5 Nb6 50. Ke3 1-0